<?xml version="1.0" encoding="UTF-8"?>
<collection xmlns="http://www.loc.gov/MARC21/slim">
 <record>
  <leader>00522nam a22001575a 4500</leader>
  <controlfield tag="001">EHU.bham007021</controlfield>
  <controlfield tag="003">AR-BHAM</controlfield>
  <controlfield tag="005">20090820153419.0</controlfield>
  <controlfield tag="008">130507s1983##################000#0#####d</controlfield>
  <datafield tag="082" ind1="8" ind2="6">
   <subfield code="a">860.4</subfield>
  </datafield>
  <datafield tag="100" ind1="1" ind2=" ">
   <subfield code="a">Hempel, Wido</subfield>
  </datafield>
  <datafield tag="245" ind1="1" ind2="0">
   <subfield code="a">Entre el poema de mio cid y vicente aleixandre :</subfield>
   <subfield code="b">ensayos de literatura hispanica y comparada /</subfield>
   <subfield code="c">Wido Hempel.</subfield>
  </datafield>
  <datafield tag="260" ind1=" " ind2=" ">
   <subfield code="a">Barcelona :</subfield>
   <subfield code="b">Alfa,</subfield>
   <subfield code="c">1983</subfield>
  </datafield>
  <datafield tag="300" ind1=" " ind2=" ">
   <subfield code="a">198 p.</subfield>
  </datafield>
  <datafield tag="653" ind1=" " ind2=" ">
   <subfield code="a">Literatura espaÑola-1701-1800</subfield>
  </datafield>
  <datafield tag="859" ind1=" " ind2=" ">
   <subfield code="a">AR-BHAM</subfield>
   <subfield code="b">BIB. HUMANIDADES - General</subfield>
   <subfield code="h">860.4</subfield>
   <subfield code="i">H376</subfield>
   <subfield code="p">904.88</subfield>
   <subfield code="t">Ej.1</subfield>
  </datafield>
 </record>
</collection>
